Semáforo para paso de peatones
Spremljeno u:
| Glavni autor: | |
|---|---|
| Daljnji autori: | |
| Format: | Knjiga |
| Izdano: |
[San José , Costa Rica]
1976
|
| Oznake: |
Dodaj oznaku
Bez oznaka, Budi prvi tko označuje ovaj zapis!
|
MARC
| LEADER | 00000nam a2200000Ia 4500 | ||
|---|---|---|---|
| 003 | PIE042 | ||
| 005 | 20231116143317.0 | ||
| 008 | 140116s1976 c a m 000 ||s d | ||
| 040 | |c cru CEDI | ||
| 090 | |a PIE 42 | ||
| 100 | |a Davidovich Egri, Roberto |9 18262 | ||
| 245 | |a Semáforo para paso de peatones | ||
| 260 | |a [San José , Costa Rica] |c 1976 | ||
| 300 | |a 35 hojas ; ilustraciones | ||
| 500 | |a A la Cabeza de la portada. Universidad de Costa Rica. Facultad de Ingeniería. Escuela de Ingeniería Eléctrica. Laboratorio Proyecto Eléctrico IE-410 | ||
| 501 | |a Profesor guía: Ing. Profesor guía: Ing. Saúl Ruiz B, | ||
| 700 | |a Ruiz B, Saúl |d Director de Proyecto Eléctrico |9 1751 | ||
| 942 | |c PIE |h PIE-42 |i PIE042 |6 PIE_42_PIE042 | ||
| 999 | |c 13422 |d 13422 | ||
